• 首页
  • 本馆介绍
  • 公告通知
  • 最新文献
  • 馆藏检索
  • 电子资源
  • 读者导购
  • 参考咨询
  • 我的图书馆
  • 登录
  • 详细信息显示
  • 放入我的书架
  • 预约/预借图书
  • 作者相关作品
  • 分类相关作品
  • 丛书相关作品
  • 出版社相关作品

书目信息

  • 表格格式
  • 工作单格式
  • 卡片格式
题名:
分式与根式
    
 
作者: 张朝康 , 冯善庆 著
分册:  
出版信息: 武汉   湖北教育出版社  1984
页数: 146页
开本: 19cm
丛书名:
单 册:
中图分类: G634.62 , G633.6
科图分类:
主题词: 代数--中学--教学参考资料 , 教育--各级
电子资源:
ISBN:
000 00732nam0 2200277 45
001 0184004613
005 20040430145731.7
010    @dCNY0.64
091    @a7306.127
100    @a19950629d1984 em y0chiy0121 ea
101 0  @achi
102    @aCN@b420000
105    @ay z 000yy
106    @ar
200 10 @a分式与根式@Afen shi yu gen shi@f张朝康,冯善庆著
210    @a武汉@c湖北教育出版社@d1984
215    @a146页@d19cm
606    @a代数@x中学@x教学参考资料
606 0  @a教育@x各级
690    @aG634.62@v3
690    @aG633.6
701  0 @a张朝康@Azhang zhao kang@4著
701  0 @a冯善庆@Afeng shan qing@4著
801  0 @aCN@b上海图书馆@c20040430
801  2 @aCN@bNLC@c20040430
905    @f2@b128711-712@dG633.6@e80
    
    分式与根式/张朝康,冯善庆著.-武汉:湖北教育出版社,1984
    146页;19cm
    
    
    ISBN :CNY0.64
    
●
相关链接 在E读中查询图书 在五车中查询图书 在当当中查询图书 在豆瓣中查询图书


正题名:分式与根式     索取号:G633.6/80         预约/预借

序号 登录号 条形码 馆藏地/架位号 状态 备注
1 0128711   000243944   密集书库/ [索取号:G633.6/80] 在馆    
2 0128712   000243935   密集书库/ [索取号:G633.6/80] 在馆    
3 0128713   202437853   第一样本阅览室/ [索取号:G633.6/80] 在馆    
唐山师范学院图书馆 欢迎您!
大连网信软件有限公司© 版权所有